| 000 | 00458nam a2200169Ia 4500 | ||
|---|---|---|---|
| 005 | 20251020182600.0 | ||
| 008 | 200515s9999 xx 000 0 und d | ||
| 082 | _aSC/331.86:37/C48 | ||
| 110 | _aCentro Interamericano de Administración del Trabajo | ||
| 245 | 0 | _aFormación de administradores del trabajo: Hacia un modelo regional | |
| 260 | _aLima | ||
| 260 | _c1980 | ||
| 300 | _a141 | ||
| 650 | _aADMINISTRACION | ||
| 650 | _aTRABAJO | ||
| 942 | _cLIB | ||
| 999 |
_c3026 _d3026 |
||